[Event "ROM-ch U12"]
[Site "Calimanesti Caciulata"]
[Date "2016.04.24"]
[Round "8"]
[White "Tudose, Matei Ovidiu"]
[Black "Bulgariu, Andrei"]
[Result "1/2-1/2"]
[WhiteElo "1554"]
[BlackElo "1687"]
[PlyCount "85"]
[EventDate "2016.04.18"]
[EventType "swiss"]
[EventRounds "9"]
[EventCountry "ROU"]
[SourceTitle "CBM 172 Extra"]
[Source "ChessBase"]
[SourceDate "2016.06.21"]
[SourceVersion "1"]
[SourceVersionDate "2016.06.21"]
[SourceQuality "1"]

1. e4 c5 2. Nc3 a6 3. f4 Nc6 4. Nf3 d6 5. Bc4 e6 6. d3 b5 7. Bb3 Nge7 8. a3 g6 9. Ne2 Bg7 10. c3 0-0 11. 0-0 Bb7 12. Qe1 Na5 13. Bc2 f5 14. Ng3 d5 15. exf5 exf5 16. Qe6+ Kh8 17. Ng5 Qe8 18. Qb6 Qd8 19. Qxd8 Rfxd8 20. Nf7+ Kg8 21. Nxd8 Rxd8 22. Bd2 Nac6 23. Rfe1 d4 24. Re2 Nd5 25. Bb3 Na5 26. Bxd5+ Bxd5 27. cxd4 Nb3 28. Rae1 Bxd4+ 29. Be3 Bg7 30. Rc2 Re8 31. Bf2 Rc8 32. Nf1 c4 33. dxc4 Be4 34. Rce2 bxc4 35. Nd2 Bd3 36. Nxb3 Bxe2 37. Rxe2 cxb3 38. Be3 Rc2 39. Rxc2 bxc2 40. Bc1 Kf7 41. Kf2 Ke6 42. Ke2 Kd5 43. Kd3 1/2-1/2

[Event "ROM-ch U12"]
[Site "Calimanesti Caciulata"]
[Date "2016.04.19"]
[Round "2"]
[White "Tudose, Matei Ovidiu"]
[Black "Antonica, Dragos Andrei"]
[Result "0-1"]
[WhiteElo "1554"]
[BlackElo "1971"]
[PlyCount "60"]
[EventDate "2016.04.18"]
[EventType "swiss"]
[EventRounds "9"]
[EventCountry "ROU"]
[SourceTitle "CBM 172 Extra"]
[Source "ChessBase"]
[SourceDate "2016.06.21"]
[SourceVersion "1"]
[SourceVersionDate "2016.06.21"]
[SourceQuality "1"]

1. Nf3 Nf6 2. b3 c5 3. Bb2 d5 4. c4 d4 5. d3 Nc6 6. Nbd2 e5 7. g3 Bf5 8. Qc2 Qd7 9. Bg2 Nb4 10. Qb1 Bd6 11. a3 Nc6 12. Nh4 Be6 13. 0-0 Bh3 14. Nhf3 Bxg2 15. Kxg2 0-0 16. Qc2 Nh5 17. Rae1 f5 18. e3 Rae8 19. exd4 exd4 20. Rxe8 Rxe8 21. Qd1 Nf6 22. Re1 Ng4 23. Rxe8+ Qxe8 24. Qe1 Nge5 25. Nxe5 Nxe5 26. f4 Qc6+ 27. Kh3 Nxd3 28. Qe6+ Kh8 29. Ba1 Nf2+ 30. Kh4 Be7+ 0-1

[Event "ROM-ch U12"]
[Site "Calimanesti"]
[Date "2015.04.05"]
[Round "8"]
[White "Ghimpu, Samuel Timotei"]
[Black "Tudose, Matei Ovidiu"]
[Result "1/2-1/2"]
[WhiteElo "1551"]
[BlackElo "1618"]
[PlyCount "36"]
[EventDate "2015.03.30"]
[EventType "swiss"]
[EventRounds "9"]
[EventCountry "ROU"]
[SourceTitle "CBM 165 Extra"]
[Source "ChessBase"]
[SourceDate "2015.04.21"]
[SourceVersion "1"]
[SourceVersionDate "2015.04.21"]
[SourceQuality "1"]

1. Nf3 b6 2. g3 Bb7 3. Bg2 f5 4. e3 Nf6 5. 0-0 e6 6. d4 Be7 7. c4 c5 8. Nc3 0-0 9. d5 Bd6 10. Nb5 Ne8 11. Qd3 a6 12. Nc3 Nf6 13. Rd1 exd5 14. cxd5 g6 15. Nd2 b5 16. b3 Qe7 17. Bb2 Qf7 18. Nf3 Qe7 1/2-1/2

[Event "ROM-ch U10"]
[Site "Calimanesti"]
[Date "2014.04.10"]
[Round "6"]
[White "Tudose, Matei Ovidiu"]
[Black "Anton, Claudiu George Alex"]
[Result "1/2-1/2"]
[WhiteElo "1339"]
[BlackElo "1176"]
[PlyCount "45"]
[EventDate "2014.04.06"]
[EventType "swiss"]
[EventRounds "9"]
[EventCountry "ROU"]
[SourceTitle "CBM 160 Extra"]
[Source "ChessBase"]
[SourceDate "2014.07.01"]
[SourceVersion "1"]
[SourceVersionDate "2014.07.01"]
[SourceQuality "1"]

1. Nf3 Nc6 2. b3 d5 3. Bb2 Bf5 4. e3 e6 5. Bb5 Qd7 6. 0-0 Be7 7. Bxg7 Bf6 8. Bxh8 Bxh8 9. Nc3 0-0-0 10. Nd4 Bxd4 11. exd4 a6 12. Bxc6 Qxc6 13. Rc1 Qd6 14. Ne2 Nf6 15. Ng3 Ng4 16. f3 Nh6 17. Qe1 Qb6 18. Nxf5 Nxf5 19. c3 h5 20. Qf2 h4 21. Rfe1 Rg8 22. Kh1 Kb8 23. Rg1 1/2-1/2